000 00639nam a2200217 a 4500
001 BRCA_5417
005 20190320205052.0
008 101210s1939----enka######---#000-0#eng-#
041 _aeng
044 _aenk
050 4 _aND450
_b.T54 1939
100 1 _aTietze, Hanz
_913839
245 1 0 _aMasterpieces of European painting in America
_cedited by Hans Tietze.
260 _aGran Bretaña
_bOxford University
_c1939
300 _a336 p.
_bil., 304 láminas
_c26 cm
500 _aIncluye índice de artistas e índice de lugares
500 _aE139
650 1 4 _aPinturas europeas
_xExposiciones
_913840
902 _aGFM
942 _2lcc
_cB
999 _c5111
_d5111